[Event "Stare Mesto op"]
[Site "Stare Mesto"]
[Date "2004.08.18"]
[Round "7"]
[White "Nutiu, Mihail"]
[Black "Buran, Jaroslav"]
[Result "1/2-1/2"]
[WhiteElo "2104"]
[BlackElo "2235"]
[PlyCount "133"]
[EventDate "2004.08.13"]
[EventType "swiss"]
[EventRounds "10"]
[EventCountry "CZE"]
[SourceTitle "EXT 2006"]
[Source "ChessBase"]
[SourceDate "2005.11.24"]
[SourceVersion "1"]
[SourceVersionDate "2005.11.24"]
[SourceQuality "1"]

1. d4 Nf6 2. c4 c5 3. dxc5 e5 4. Nc3 Bxc5 5. Nf3 e4 6. Nd4 0-0 7. e3 Re8 8. Be2 Nc6 9. 0-0 a6 10. a3 Qc7 11. b4 Ba7 12. Bb2 Nxd4 13. exd4 Qf4 14. Bc1 Qf5 15. Be3 d5 16. c5 Bb8 17. a4 h5 18. Ra3 Ng4 19. Bxg4 hxg4 20. Ne2 Qh7 21. Bf4 Re6 22. Bxb8 Rxb8 23. Qd2 Rf6 24. Qg5 Be6 25. Qe5 Re8 26. Qg3 Qh6 27. b5 axb5 28. axb5 Bd7 29. c6 bxc6 30. b6 Qd2 31. b7 Qb2 32. Rb3 Qxe2 33. b8Q Rxb8 34. Rxb8+ Kh7 35. Qe3 Qxe3 36. fxe3 Kg6 37. Rd8 Rd6 38. Rf4 f5 39. Rf2 Kf6 40. Ra2 Ke7 41. Rh8 Rf6 42. Ra7 Ke6 43. g3 Rf7 44. Rb8 Kd6 45. Rbb7 Ke6 46. Kg2 Kd6 47. h4 gxh3+ 48. Kh2 g5 49. Rb8 f4 50. gxf4 gxf4 51. exf4 Rxf4 52. Rd8 Rf7 53. Rh8 Re7 54. Rh6+ Re6 55. Rh7 Bc8 56. Rxh3 e3 57. Rh8 Bd7 58. Rh7 Bc8 59. Rh8 Re4 60. Rd8+ Ke6 61. Rxc8 e2 62. Re8+ Kf5 63. Rxe4 Kxe4 64. Ra1 Kxd4 65. Kg2 Ke3 66. Ra3+ Kd2 67. Ra2+ 1/2-1/2

[Event "Miercurea Ciuc op"]
[Site "Miercurea Ciuc"]
[Date "1998.??.??"]
[Round "9"]
[White "Bartha, Andrei"]
[Black "Nutiu, Mihail"]
[Result "1/2-1/2"]
[WhiteElo "2185"]
[BlackElo "2085"]
[PlyCount "22"]
[EventDate "1998.08.??"]
[EventType "swiss"]
[EventRounds "9"]
[EventCountry "ROU"]
[SourceTitle "EXT 2000"]
[Source "ChessBase"]
[SourceDate "1999.11.16"]
[SourceVersion "1"]
[SourceVersionDate "1999.11.16"]
[SourceQuality "1"]

1. Nf3 Nf6 2. g3 g6 3. Bg2 Bg7 4. 0-0 0-0 5. c4 d6 6. d4 Nbd7 7. Nc3 c6 8. b3 e5 9. dxe5 Nxe5 10. Nxe5 dxe5 11. Qxd8 Rxd8 1/2-1/2

[Event "Centrocoop Sept op-A"]
[Site "Eforie Nord"]
[Date "1998.??.??"]
[Round "?"]
[White "Khruschiov, Alexey"]
[Black "Nutiu, Mihail"]
[Result "0-1"]
[WhiteElo "2210"]
[BlackElo "2085"]
[PlyCount "122"]
[EventDate "1998.09.??"]
[EventType "swiss"]
[EventRounds "11"]
[EventCountry "ROU"]
[SourceTitle "EXT 2000"]
[Source "ChessBase"]
[SourceDate "1999.11.16"]
[SourceVersion "1"]
[SourceVersionDate "1999.11.16"]
[SourceQuality "1"]

1. e4 c5 2. Nf3 Nc6 3. Bb5 g6 4. Bxc6 bxc6 5. 0-0 Bg7 6. Re1 e5 7. c3 Ne7 8. d4 cxd4 9. cxd4 exd4 10. Nxd4 0-0 11. Nc3 Rb8 12. Nb3 d5 13. Be3 dxe4 14. Bxa7 Rb7 15. Qxd8 Rxd8 16. Bc5 Nd5 17. Na4 Be6 18. Ba3 Ra7 19. Nac5 Bf5 20. h3 Nf4 21. Rad1 Rd5 22. Kh2 Be5 23. g3 Ne6 24. f4 Bc7 25. Nxe6 Bxe6 26. Rc1 Bd6 27. Rxe4 Bxa3 28. bxa3 Rxa3 29. Re2 Rd6 30. Rb1 Rd3 31. Rc2 h5 32. h4 Bd5 33. Rg1 Kg7 34. Rb2 Bxb3 35. axb3 Raxb3 36. Rxb3 Rxb3 37. Rc1 Rb6 38. Kh3 Kf6 39. Rc3 Ke6 40. g4 hxg4+ 41. Kxg4 Kd6 42. Rd3+ Kc7 43. f5 c5 44. fxg6 fxg6 45. Kg5 c4 46. Rc3 Rc6 47. Kf4 Kd6 48. Ke3 Ke5 49. Kd2 Rd6+ 50. Kc2 Rd4 51. Rh3 Kf5 52. Rh1 Kg4 53. Kc3 Re4 54. h5 gxh5 55. Rg1+ Kf5 56. Rg8 h4 57. Rh8 Kg4 58. Rg8+ Kf3 59. Rf8+ Kg3 60. Kd2 h3 61. Rg8+ Rg4 0-1

[Event "Miercurea Ciuc op"]
[Site "Miercurea Ciuc"]
[Date "1998.??.??"]
[Round "6"]
[White "Nutiu, Mihail"]
[Black "Pessi, Emil George"]
[Result "0-1"]
[WhiteElo "2085"]
[BlackElo "2320"]
[PlyCount "86"]
[EventDate "1998.08.??"]
[EventType "swiss"]
[EventRounds "9"]
[EventCountry "ROU"]
[SourceTitle "EXT 2000"]
[Source "ChessBase"]
[SourceDate "1999.11.16"]
[SourceVersion "1"]
[SourceVersionDate "1999.11.16"]
[SourceQuality "1"]

1. d4 b5 2. e4 Bb7 3. Bd3 Nf6 4. Qe2 e6 5. Nf3 a6 6. 0-0 c5 7. c3 Qc7 8. Bg5 Be7 9. Nbd2 Nc6 10. e5 Nd5 11. Bxe7 Ncxe7 12. dxc5 Nf4 13. Qe3 Nxd3 14. Qxd3 Qxc5 15. Ne4 Bxe4 16. Qxe4 0-0 17. Rad1 Nd5 18. Ng5 f5 19. exf6 Nxf6 20. Qh4 Qf5 21. Rd2 Nd5 22. Nf3 h6 23. Nd4 Qe5 24. Nf3 Qc7 25. Rd4 Rf6 26. Rg4 Raf8 27. Qg3 d6 28. Kh1 Nf4 29. Re1 e5 30. Nd2 d5 31. Nf3 Rf5 32. h4 Kh8 33. Qh2 Qd6 34. a3 Qf6 35. Re3 d4 36. Re4 d3 37. Nd2 Qe6 38. Qg3 Nh5 39. Qxd3 Rxf2 40. Qe3 Qd6 41. Nf3 R8xf3 42. gxf3 Qd1+ 43. Qe1 Rf1+ 0-1

[Event "Miercurea Ciuc op"]
[Site "Miercurea Ciuc"]
[Date "1998.??.??"]
[Round "3"]
[White "Nutiu, Mihail"]
[Black "Tantau, Adrian"]
[Result "0-1"]
[WhiteElo "2085"]
[BlackElo "2250"]
[PlyCount "56"]
[EventDate "1998.08.??"]
[EventType "swiss"]
[EventRounds "9"]
[EventCountry "ROU"]
[SourceTitle "EXT 2000"]
[Source "ChessBase"]
[SourceDate "1999.11.16"]
[SourceVersion "1"]
[SourceVersionDate "1999.11.16"]
[SourceQuality "1"]

1. d4 f5 2. c4 Nf6 3. g3 g6 4. Bg2 Bg7 5. Nc3 d6 6. d5 Nbd7 7. Nh3 Ne5 8. Qb3 0-0 9. 0-0 Rb8 10. Nb5 a6 11. Nd4 Re8 12. f4 Nf7 13. Nc6 bxc6 14. Qxb8 cxd5 15. cxd5 e6 16. dxe6 Rxe6 17. Ng5 Rxe2 18. Nxf7 Kxf7 19. Bb7 Ng4 20. Bd5+ Kf8 21. Bg2 Bd4+ 22. Kh1 Nf2+ 23. Kg1 Kg7 24. Rb1 Qe7 25. Qxc8 Ng4+ 26. Kh1 Rxg2 27. Be3 Rxh2+ 28. Kg1 Qxe3+ 0-1